StarLite's Wrestling Picture Quiz #9: Funko Pops! - Statistics

General Stats
  • This quiz has been taken 9 times
  • The average score is 13 of 16
Answer Stats
Picture Answer % Correct
Cody Rhodes
100%
Gunther
100%
Mr. America
100%
The Rock
100%
AJ Styles
88%
Andre the Giant
88%
Big Van Vader
88%
Kevin Nash
88%
LA Knight
88%
Scott Hall
88%
CM Punk
75%
Jimmy Hart
75%
Matt Riddle
75%
Paul Heyman
75%
"The Fiend" Bray Wyatt
75%
Rick Rude
25%
No matching quizzes found
Score Distribution
Percent of People with Each Score
Percentile by Number Answered
Your Score History
You have not taken this quiz